000 00503nam a2200193Ia 4500
003 OSt
005 20251031141404.0
008 210210b1977 xxu||||| |||| 00| 0 eng d
040 _cAL
041 _aKannada
082 _aK894.3 VISH
100 _aVISHUKUMAR.
_dವಿಶುಕುಮಾರ್
_9243380
245 _aHamsakshira.
_b ಹಂಸಕ್ಷೀರ
260 _aMaisuru
_bGita Buk Haus
_c1977
300 _a249
690 _aKannada Fiction
_9243381
906 _aSG01126
942 _2ddc
_cBK
999 _c112685
_d112685